000 00592nam a22001817a 4500
005 20250213153925.0
010 _aENG-143686
020 _c150.00
_a9789350730195
035 _aEN-127218
037 _bDBAD/PUB
082 _a881
_21
100 _aKaramat, Karamat Ali
_977558
245 _aSelected Poems of Karamat Ali Karamat/
_cTranslated By Jayant Mahapatra
260 _aINIDIA
_bEducational Publishing House
_c2012
270 _a3108, Gali Azizuddin Vakil Kucha Pandit, Lal Kuan,
_bNew Delhi
_e110006
300 _a112p;
_c23CM(pbk)
942 _cEN
_h881
_2ddc
_mSEL
999 _c208902
_d208902